The strategy process /

Bibliographic Details
Main Author: Mintzberg, Henry
Other Authors: Quinn, James Brian, 1928-2012, Ghoshal, Sumantra
Format: Book
Language:English
Published: New York : Prentice Hall, 1998.
Edition:Rev. European ed.
Subjects:

MARC

Tag First Indicator Second Indicator Subfields
LEADER 00000cam a22000008a 4500
001 in00001492425
005 20151021092029.0
008 971006s1998 nyu b 001 0 eng
010 |a  97041084  
015 |a GB97-76055 
019 |a 38040474 
020 |a 013675984X (alk. paper) 
035 |a (OCoLC)37782979 
035 |9 AJK2659AM 
040 |a DLC  |c DLC  |d UKM  |d TXA  |d UtOrBLW 
049 |a TXAM 
050 0 0 |a HD30.28  |b .M563 1998 
082 0 0 |a 658.4/012  |2 21 
100 1 |a Mintzberg, Henry. 
245 1 4 |a The strategy process /  |c Henry Mintzberg, James Brian Quinn, and Sumantra Ghoshal. 
250 |a Rev. European ed. 
263 |a 9808 
264 1 |a New York :  |b Prentice Hall,  |c 1998. 
300 |a xviii, 1036 pages :  |b illustrations, 1 facsimile ;  |c 25 cm. 
336 |a text  |b txt  |2 rdacontent 
337 |a unmediated  |b n  |2 rdamedia 
338 |a volume  |b nc  |2 rdacarrier 
504 |a Includes bibliographical references and index. 
650 0 |a Strategic planning  |v Case studies. 
700 1 |a Quinn, James Brian,  |d 1928-2012. 
700 1 |a Ghoshal, Sumantra. 
948 |a C:BLW  |d 20040915 
999 |a MARS 
999 f f |s a8427d05-e167-3504-b780-fc4961217c39  |i b7f57fbe-5e70-389c-943b-535057c14496  |t 0 
952 f f |p ric  |a Texas A&M University  |b Rellis Campus  |c Joint Library Facility  |s JLF  |d Remote Storage  |t 0  |e HD30.28 .M563 1998  |h Library of Congress classification  |i unmediated -- volume  |m A14825099500 
998 f f |a HD30.28 .M563 1998  |t 0  |l Remote Storage